00189nam a22000737a 4500020001500000100002100015245002300036260005600059 a0689828683 aAndrew Clements. aThe Landry News /  aNew Yorkb Atheneum Books for Young Readers, c1999